Ecology and resource management ; a quantitative approach /
Guardado en:
| Autor Principal: | |
|---|---|
| Formato: | Libro |
| Idioma: | English |
| Publicado: |
New York :
McGraw-Hill,
[1968]
|
| Series: | McGraw-Hill publications in the biological sciences. Series in population biology
|
| Etiquetas: |
Agregar Etiqueta
Sin Etiquetas, Sea el primero en etiquetar este registro!
|
| LEADER | 00708nam a22001931a 4500 | ||
|---|---|---|---|
| 001 | EEA.libagro010073 | ||
| 008 | 740606s1968####nyua#####b####000#0#eng## | ||
| 005 | 20191113113046.0 | ||
| 245 | 1 | 0 | |a Ecology and resource management ; |b a quantitative approach / |c [by] Kenneth E. F. Watt. |
| 260 | |a New York : |b McGraw-Hill, |c [1968] | ||
| 300 | |a xii, 450 p. : |b il. ; |c 24 cm. | ||
| 490 | 0 | |a McGraw-Hill publications in the biological sciences. Series in population biology | |
| 504 | |a Incluye referencias bibliográficas. | ||
| 100 | 1 | |a Watt, Kenneth E. F., |d 1929- | |
| 082 | 0 | 0 | |a 333.716 |
| 010 | |a 67022973 | ||
| 040 | |a DLC |c DLC |d DLC | ||
| 050 | 0 | 0 | |a QL752 |b .W38 |
| 859 | |a AR-BbBCA |b BIB. AGRONOMIA |h 333.716 |i W345 |p 1974/0219 | ||
